000 00193nam a2200085 4500
001 1257566
005 20260217103647.0
245 _ayoksa sen misin?
_cgülten dayıoğlu
260 _baltın kitaplar
999 _c1257566
_d1257566